书目信息 |
| 书名: | Talks at the Yenan forum on art and literature | |
| 作者: | ||
| 分册号: | ||
| 分册名: | 出版地: | Peking : |
|
| 出版社: | Foreign Languages Press | |
| 出版时间: | 1956. | |
| 页数: | 51 p. : | |
| 开本: | 19 cm. | |
| 丛书名: | ||
| 中图分类号: | ||
| 科图分类号: | ||
| 其他分类号: | A424 | |
| 主题词: | ||
| 电子资源: | ||
| 000 | 00814cam a22002651 450 | |
| 001 | E0733514202 | |
| 005 | 20070305101528.57 | |
| 008 | 780424s1956 cc a 000 0 eng | |
| 010 | @a57048638 | |
| 035 | @A(DLC) 57048638 | |
| 040 | @aDLC@cDLC@dDLC | |
| 043 | @aa-cc--- | |
| 050 | 00 | @aNX583.A1@bM3613 |
| 090 | @aA424 | |
| 099 | @dA424@ex2 | |
| 100 | 1 | @aMao, Zedong,@d1893-1976. |
| 240 | 10 | @aZai Yan’an wen yi zuo tan hui shang de jiang hua.@lEnglish |
| 245 | 10 | @aTalks at the Yenan forum on art and literature. |
| 250 | @a[1st ed.]. | |
| 260 | @aPeking :@bForeign Languages Press,@c1956. | |
| 300 | @a51 p. :@billus. ;@c19 cm. | |
| 650 | 0 | @aArts@zChina. |
| 906 | @a7@bcbc@corignew@d1@eocip@f19@gy-gencatlg | |
| 987 | @aPINYIN@bDLC@c20020327@dc | |
| 991 | @bc-GenColl@hNX583.A1@iM3613@tCopy 1@wBOOKS | |
| Talks at the Yenan forum on art and literature.-[1st ed.].-Peking : : Foreign Languages Press, , 1956. |
| 51 p. : : illus. ; ; 19 cm. |
| ISBN |
| ● |
| 相关链接 |
|
|
|
|
正题名:Talks at the Yenan forum on art and literature
索取号:A424/x2
 
预约/预借
| 序号 | 登录号 | 条形码 | 馆藏地/架位号 | 状态 | 备注 |
| 1 | 000019 | 300000193 | 第四借阅区/ [索取号:A424/x2] | 在馆 |